Online
Catalog

Cómo tener éxito en aceptarte a ti mismo : (Record no. 1610)

MARC details
000 -CABECERA
campo de control de longitud fija 00894nam a2200253 a 4500
001 - NÚMERO DE CONTROL
campo de control 000001732
003 - IDENTIFICADOR DEL NÚMERO DE CONTROL
campo de control DO-SdBNP
005 - FECHA Y HORA DE LA ÚLTIMA TRANSACCIÓN
campo de control 20260120073949.0
008 - DATOS DE LONGITUD FIJA--INFORMACIÓN GENERAL
campo de control de longitud fija 990915s2000 ck b 001 0 spa d
020 ## - NÚMERO INTERNACIONAL ESTÁNDAR DEL LIBRO
Número Internacional Estándar del Libro 0789907860
040 ## - FUENTE DE LA CATALOGACIÓN
Centro catalogador/agencia de origen DO-SdBNP
Lengua de catalogación spa
Centro/agencia transcriptor BNPHU
Normas de descripción rda
041 17 - CÓDIGO DE LENGUA
Código de lengua del texto/banda sonora o título independiente eng
Código de lengua original spa
082 ## - NÚMERO DE LA CLASIFICACIÓN DECIMAL DEWEY
Número de clasificación 248.4
Número de documento/Ítem M612c
100 1# - ENTRADA PRINCIPAL--NOMBRE DE PERSONA
Nombre de persona Meyer, Joyce,
Fechas asociadas al nombre 1943-
9 (RLIN) 5634
240 10 - TÍTULO UNIFORME
Título uniforme Cómo tener éxito en aceptarte a ti mismo.
Lenguaje de la obra Español.
245 10 - MENCIÓN DE TÍTULO
Título Cómo tener éxito en aceptarte a ti mismo :
Resto del título hallando la confianza para alcanzar tu destino /
Mención de responsabilidad, etc. Joyce Meyer ; traducción de María Ramsay.
260 ## - PUBLICACIÓN, DISTRIBUCIÓN, ETC.
Lugar de publicación, distribución, etc. Colombia :
Nombre del editor, distribuidor, etc. Unilit,
Fecha de publicación, distribución, etc. 2000.
300 ## - DESCRIPCIÓN FÍSICA
Extensión 268 p. ;
Dimensiones 21 cm.
534 ## - NOTA SOBRE LA VERSIÓN ORIGINAL
Encabezamiento principal del original Título original:
Mención de título del original How to succeed at being yourself
650 #0 - PUNTO DE ACCESO ADICIONAL DE MATERIA--TÉRMINO DE MATERIA
Término de materia o nombre geográfico como elemento de entrada Autorrealización (Psicología)
Subdivisión general Aspectos religiosos
9 (RLIN) 211
650 #0 - PUNTO DE ACCESO ADICIONAL DE MATERIA--TÉRMINO DE MATERIA
Término de materia o nombre geográfico como elemento de entrada Vida espiritual
9 (RLIN) 268
700 1# - PUNTO DE ACCESO ADICIONAL--NOMBRE DE PERSONA
Nombre de persona Ramsay, María
Término indicativo de función/relación tr.
9 (RLIN) 5636
942 ## - ELEMENTOS DE PUNTO DE ACCESO ADICIONAL (KOHA)
Fuente del sistema de clasificación o colocación Dewey Decimal Classification
Tipo de ítem Koha Libro
Holdings
Estado de retiro Estado de pérdida Restricciones de uso No para préstamo Código de colección Localización permanente Ubicación/localización actual Ubicación en estantería Fecha de adquisición Número de inventario Total de préstamos Signatura topográfica completa Código de barras Fecha visto por última vez Precio válido a partir de Tipo de ítem Koha
    Préstamo interno   Monografías: Libros y Folletos General General En catalogación 31.08.2009 LF1   248.4 M612c 1732-10 25.06.2020 25.06.2020 Préstamo interno
  Extraviado   Excluido de préstamo Monografías: Libros y Folletos General General Extraviado 06.06.2017 LF1   248.4 M612c 1732-20 25.06.2020 25.06.2020 No se presta

Powered by Koha